| 000 | 00845nab a2200253 u 4500 | ||
|---|---|---|---|
| 001 | 15999 | ||
| 003 | HDC | ||
| 007 | cr bn ---aaaaa | ||
| 008 | 210220c20091112xx dr|noo 0 a eng d | ||
| 040 | _aHDC | ||
| 100 |
_aLagaya, Armina _eauthor _915973 |
||
| 245 | 0 |
_aHalal standards are on the menu for UAE / by _cArmina Lagaya |
|
| 260 |
_a[No place] : _b[publisher not identified], _c2009 |
||
| 336 |
_atext _2rdacontent |
||
| 337 |
_acomputer _2rdamedia |
||
| 338 |
_aonline resource _2rdacarrier |
||
| 650 |
_ahalal food standards _915974 |
||
| 650 |
_aHalal standard _91151 |
||
| 710 | _aHalal Focus | ||
| 856 | _zRequest full-text at [email protected] | ||
| 942 | _2lcc | ||
| 942 | _cNEWS | ||
| 942 | _kNWSO 005620 | ||
| 999 |
_c13315 _d13315 |
||